Štúdium manažmentu na druhom stupni štúdia v zahraničí. Internacionalizácia manažérskeho vzdelávania

Porovnanie obsahu a organizácie štúdia manažmentu na partnerských univerzitách Ekonomickej univerzity v Bratislave (EUBA). Predmetom skúmania sú študijné programy na druhom stupni štúdiu so zameraním na manažment.

Gespeichert in:
Bibliographische Detailangaben
1. Verfasser: Blštáková, Jana, 1980-
Weitere Verfasser: Dědečková, Nina, 1994-
Format: Buchkapitel
Sprache:Slowakisch
Schlagworte:
Tags: Tag hinzufügen
Keine Tags, Fügen Sie das erste Tag hinzu!

MARC

LEADER 00000naa$a2200000$$$4500
001 0288165
005 20241121125459.6
041 0 |a slo 
044 |a SK 
245 1 0 |a Štúdium manažmentu na druhom stupni štúdia v zahraničí. Internacionalizácia manažérskeho vzdelávania  |c Jana Blštáková, Nina Dědečková 
520 |a Porovnanie obsahu a organizácie štúdia manažmentu na partnerských univerzitách Ekonomickej univerzity v Bratislave (EUBA). Predmetom skúmania sú študijné programy na druhom stupni štúdiu so zameraním na manažment. 
610 2 0 |a manažment 
610 2 0 |a vzdelávanie vysokoškolské 
610 2 0 |a predmety učebné 
610 2 0 |a univerzity 
610 2 0 |a absolventi 
610 2 0 |a zahraničie 
100 1 |a Blštáková, Jana, 1980- 
700 1 |a Dědečková, Nina, 1994-